Manual de derecho laboral para empresas /

Guardado en:
Autor Principal: Diego, Julián Arturo de
Formato: Desconocido
Idioma:Spanish
Publicado: Ciudad Autónoma de Buenos Aires : Errepar, 2015.
Edición:5º ed.
Materias:
Etiquetas: Agregar Etiqueta
Sin Etiquetas, Sea el primero en etiquetar este registro!
LEADER 00495nac a22001575a 4500
001 DER.der014281
008 191022i2015####ag#||||||||||||||#||spa||
005 20251013174642.0
245 1 0 |a Manual de derecho laboral para empresas /  |c Julián Arturo de Diego. 
250 |a 5º ed. 
260 |a Ciudad Autónoma de Buenos Aires :  |b Errepar,  |c 2015. 
300 |a 722 p. 
020 |a 9789870117827 
100 1 |a Diego, Julián Arturo de 
650 7 |a DERECHO LABORAL 
859 |a DERECHO  |b BIB. DERECHO  |h 344.01  |i DIE  |p 009551